| 000 | 00780nam a2200253 a 4500 | ||
|---|---|---|---|
| 001 | 6927 | ||
| 003 | BD-RjUL | ||
| 005 | 20211208234336.0 | ||
| 008 | 160830s1964 nyu 001 0 eng d | ||
| 035 | _a(BD-RjUL)6969 | ||
| 040 |
_aDLC/ICU _cICU _dDLC _dBD-RjUL _beng |
||
| 041 | _aeng | ||
| 082 | 0 | 0 |
_a515.7 _bWIF 1964 _223 |
| 100 | 1 |
_aWilansky, Albert. _921725 |
|
| 245 | 0 | 0 |
_aFunctional analysis / _cby Albert. Wilansky |
| 260 |
_aNew York : _bBlaisdell Pub. Co., _cc1964 |
||
| 300 |
_axvi, 291 p. ; _c27 cm. |
||
| 500 | _aIncludes index. | ||
| 650 | 0 |
_aFunctional analysis. _921727 |
|
| 650 | 0 |
_aTopology. _921728 |
|
| 830 |
_aA Blaisdell book in the pure and applied sciences _9117696 |
||
| 942 |
_2ddc _cBK |
||
| 999 |
_c6927 _d6927 |
||